[Event "Mittelfranken Landesliga Nord 2223"]
[Site "Mittelfranken"]
[Date "2023.03.19"]
[Round "8.5"]
[White "Kreuzer, Helmut"]
[Black "Diekers, Michael"]
[Result "1-0"]
[WhiteElo "2096"]
[BlackElo "2084"]
[PlyCount "133"]
[EventDate "2022.10.09"]
[EventType "team-tourn"]
[EventRounds "9"]
[EventCountry "GER"]
[SourceTitle "EXT 2024"]
[Source "ChessBase"]
[SourceDate "2023.10.10"]
[SourceVersion "1"]
[SourceVersionDate "2023.10.10"]
[SourceQuality "1"]
[WhiteTeam "Kelheim"]
[BlackTeam "Herzogenaurach"]
[WhiteTeamCountry "GER"]
[BlackTeamCountry "GER"]

1. d4 d5 2. Nf3 Nf6 3. c4 c6 4. Qc2 g6 5. Bf4 Bf5 6. Qb3 Qb6 7. Nbd2 Bg7 8. e3 Nbd7 9. h3 h6 10. Be2 0-0 11. 0-0 Rfc8 12. Ne5 Nxe5 13. Bxe5 Ne4 14. Qxb6 axb6 15. Nxe4 Bxe4 16. Bxg7 Kxg7 17. a3 dxc4 18. Bxc4 e6 19. Rac1 c5 20. Rfd1 cxd4 21. Rxd4 Bd5 22. Rc3 Bc6 23. Be2 Rd8 24. Rcd3 Rxd4 25. Rxd4 Ra5 26. f3 Rc5 27. Rb4 b5 28. h4 h5 29. Kf2 Kf6 30. Bd3 Ke7 31. g4 hxg4 32. fxg4 Kf6 33. Kg3 Re5 34. g5+ Ke7 35. Kf4 Rc5 36. Rb3 Kd6 37. Rb4 Ke7 38. Kg3 Re5 39. Kf2 Rc5 40. Ke2 Re5 41. Kd2 Rc5 42. Rb3 Kd6 43. Rc3 Rxc3 44. Kxc3 Kc5 45. Be2 e5 46. Bd1 Bd5 47. Bc2 Be6 48. Be4 b6 49. Bf3 Bc4 50. Bg4 Bf1 51. Bd7 Kd6 52. Be8 Ke7 53. Bc6 Kd6 54. Bf3 Kc5 55. Bg4 Bc4 56. b3 Bf1 57. h5 gxh5 58. Bxh5 Kd6 59. Bxf7 Ke7 60. Bd5 Kf8 61. Kb4 Kg7 62. Be4 Be2 63. Kc3 Bd1 64. Bd3 Bf3 65. Kb4 Bd5 66. Kxb5 Bxb3 67. Be4 1-0

[Event "Mittelfranken Landesliga Nord 2223"]
[Site "Mittelfranken"]
[Date "2022.10.09"]
[Round "1.6"]
[White "Zauner, Josef"]
[Black "Diekers, Michael"]
[Result "1/2-1/2"]
[WhiteElo "2081"]
[BlackElo "2084"]
[PlyCount "62"]
[EventDate "2022.10.09"]
[EventType "team-tourn"]
[EventRounds "9"]
[EventCountry "GER"]
[SourceTitle "EXT 2024"]
[Source "ChessBase"]
[SourceDate "2023.10.10"]
[SourceVersion "1"]
[SourceVersionDate "2023.10.10"]
[SourceQuality "1"]
[WhiteTeam "Kareth Lappersdorf"]
[BlackTeam "Herzogenaurach"]
[WhiteTeamCountry "GER"]
[BlackTeamCountry "GER"]

1. e4 c5 2. Nf3 e6 3. d4 cxd4 4. c3 Nf6 5. e5 Nd5 6. cxd4 d6 7. Nc3 Nxc3 8. bxc3 Qc7 9. Bd2 Nd7 10. exd6 Bxd6 11. Bd3 b6 12. 0-0 Bb7 13. Re1 h6 14. Qe2 0-0 15. Bc2 Rfe8 16. Ne5 Nxe5 17. dxe5 Bf8 18. Qg4 g6 19. Rac1 Rad8 20. Bf4 Bg7 21. Re3 h5 22. Qe2 Bd5 23. Bg5 Rc8 24. Re1 Qc4 25. Qd2 Qxa2 26. Qd1 Rc7 27. Rg3 Qc4 28. Bd3 Qb3 29. Bc2 Qc4 30. Bd3 Qb3 31. Bc2 Qc4 1/2-1/2

[Event "Mittelfranken Landesliga Nord 2122"]
[Site "Mittelfranken"]
[Date "2022.03.13"]
[Round "6.4"]
[White "Muehling, Werner"]
[Black "Diekers, Michael"]
[Result "1/2-1/2"]
[WhiteElo "2034"]
[BlackElo "2101"]
[PlyCount "37"]
[EventDate "2021.10.24"]
[EventType "team-tourn"]
[EventRounds "9"]
[EventCountry "GER"]
[SourceTitle "EXT 2024"]
[Source "ChessBase"]
[SourceDate "2023.10.10"]
[SourceVersion "1"]
[SourceVersionDate "2023.10.10"]
[SourceQuality "1"]
[WhiteTeam "Schwandorf"]
[BlackTeam "Herzogenaurach"]
[WhiteTeamCountry "GER"]
[BlackTeamCountry "GER"]

1. d4 d5 2. Nf3 Nf6 3. e3 g6 4. Bd3 Bg7 5. Nbd2 0-0 6. 0-0 c5 7. c3 Nbd7 8. Re1 Qc7 9. Bc2 Rd8 10. Qe2 a6 11. Nf1 e5 12. Ng3 e4 13. Nd2 cxd4 14. exd4 Nf8 15. f3 exf3 16. Nxf3 Bg4 17. Qf2 Bxf3 18. Qxf3 Ne6 19. Bb3 1/2-1/2

[Event "Oberliga Bayern 1819"]
[Site "Bayern"]
[Date "2019.03.24"]
[Round "8.4"]
[White "Diekers, Michael"]
[Black "Ganaus, Hannes"]
[Result "1/2-1/2"]
[WhiteElo "2186"]
[BlackElo "2256"]
[PlyCount "104"]
[EventDate "2018.10.21"]
[EventType "team-tourn"]
[EventRounds "9"]
[EventCountry "GER"]
[SourceTitle "EXT 2020"]
[Source "ChessBase"]
[SourceDate "2019.10.17"]
[SourceVersion "1"]
[SourceVersionDate "2019.10.17"]
[SourceQuality "1"]
[WhiteTeam "Herzogenaurach"]
[BlackTeam "Regensburg Bavaria"]
[WhiteTeamCountry "GER"]
[BlackTeamCountry "GER"]

1. Nf3 d5 2. e3 g6 3. c4 e6 4. d4 Bg7 5. Nc3 Nc6 6. Be2 Nge7 7. 0-0 0-0 8. b3 Re8 9. Bb2 b6 10. Rc1 Bb7 11. a3 Na5 12. Qc2 Ba6 13. Nd2 c6 14. Rfd1 Nf5 15. Re1 Rc8 16. cxd5 Bxe2 17. Nxe2 exd5 18. b4 Nb7 19. Qa4 b5 20. Qc2 Nbd6 21. Ng3 Nxg3 22. hxg3 f5 23. Ra1 Nc4 24. Bc3 h5 25. a4 a6 26. axb5 axb5 27. Nf3 Rc7 28. Ra6 Qd7 29. Qa2 Bf6 30. Ra8 Rxa8 31. Qxa8+ Rc8 32. Qa6 Re8 33. Ra1 g5 34. Qa7 Qxa7 35. Rxa7 g4 36. Ne1 Re7 37. Rxe7 Bxe7 38. Nd3 Bd6 39. Kf1 Kf7 40. Ke2 Kg6 41. Be1 Nb6 42. Kf1 Nd7 43. Ke2 Nf8 44. Kf1 Kg5 45. Ke2 Ng6 46. Kf1 h4 47. gxh4+ Nxh4 48. g3 Nf3 49. Bc3 Kf6 50. Ke2 Ng5 51. Be1 Ne4 52. Kf1 Ke6 1/2-1/2

[Event "Oberliga Bayern 1819"]
[Site "Bayern"]
[Date "2019.02.03"]
[Round "6.5"]
[White "Diekers, Michael"]
[Black "Krstic, Petar"]
[Result "0-1"]
[WhiteElo "2186"]
[BlackElo "2324"]
[PlyCount "84"]
[EventDate "2018.10.21"]
[EventType "team-tourn"]
[EventRounds "9"]
[EventCountry "GER"]
[SourceTitle "EXT 2020"]
[Source "ChessBase"]
[SourceDate "2019.10.17"]
[SourceVersion "1"]
[SourceVersionDate "2019.10.17"]
[SourceQuality "1"]
[WhiteTeam "Herzogenaurach"]
[BlackTeam "Deggendorf"]
[WhiteTeamCountry "GER"]
[BlackTeamCountry "GER"]

1. Nf3 Nf6 2. c4 e6 3. Nc3 d5 4. d4 dxc4 5. e3 a6 6. a4 c5 7. Bxc4 Nc6 8. 0-0 Be7 9. Qe2 0-0 10. Rd1 Qc7 11. dxc5 Bxc5 12. h3 Na5 13. Ba2 Bd7 14. e4 Bc6 15. e5 Nd7 16. Ne4 Bxa4 17. Rxd7 Bxd7 18. Bd2 Be7 19. Bc3 Bb5 20. Qe3 Nc4 21. Qf4 f5 22. Neg5 Bxg5 23. Nxg5 Qc6 24. Bb4 h6 25. Nf3 Rfd8 26. Nd4 Qd5 27. Bd6 g5 28. Bxc4 Bxc4 29. Qe3 Qe4 30. Qc3 Rac8 31. f3 Qd5 32. Kh1 Kf7 33. Qe3 Bb5 34. Rd1 Rc2 35. Qg1 Rxb2 36. Nxf5 Rd2 37. Rxd2 Qxd2 38. Nxh6+ Kg6 39. Ng4 Rc8 40. Kh2 Qf4+ 41. g3 Rc2+ 42. Nf2 Qxf3 0-1

[Event "Oberliga Bayern 1819"]
[Site "Bayern"]
[Date "2018.11.11"]
[Round "2.5"]
[White "Diekers, Michael"]
[Black "Schleich, Markus"]
[Result "0-1"]
[WhiteElo "2186"]
[BlackElo "2203"]
[PlyCount "94"]
[EventDate "2018.10.21"]
[EventType "team-tourn"]
[EventRounds "9"]
[EventCountry "GER"]
[SourceTitle "EXT 2020"]
[Source "ChessBase"]
[SourceDate "2019.10.17"]
[SourceVersion "1"]
[SourceVersionDate "2019.10.17"]
[SourceQuality "1"]
[WhiteTeam "Herzogenaurach"]
[BlackTeam "Garching II"]
[WhiteTeamCountry "GER"]
[BlackTeamCountry "GER"]

1. Nf3 Nf6 2. c4 g6 3. Nc3 Bg7 4. e4 d6 5. d4 0-0 6. Be2 Na6 7. Rb1 e5 8. d5 Nc5 9. Bg5 h6 10. Bxf6 Bxf6 11. b4 Nd7 12. 0-0 Bg7 13. Ne1 f5 14. f3 f4 15. Nd3 Rf7 16. c5 Nf6 17. cxd6 cxd6 18. a4 h5 19. a5 g5 20. Nf2 Bf8 21. h3 Rg7 22. Qd3 Bd7 23. Rbc1 a6 24. Ra1 b5 25. axb6 Qxb6 26. Rxa6 Rxa6 27. Qxa6 Qxb4 28. Qd3 Qc5 29. Ncd1 g4 30. fxg4 hxg4 31. hxg4 Bxg4 32. Bxg4 Nxg4 33. Qc3 Qxc3 34. Nxc3 Ne3 35. Nd3 Nxf1 36. Kxf1 Rg3 37. Ke2 Rxg2+ 38. Kf1 Rc2 39. Nb5 Rc4 40. Nf2 Be7 41. Kg2 Rc5 42. Na7 Rc2 43. Kf3 Rc3+ 44. Kg4 Rg3+ 45. Kf5 Kf7 46. Ng4 f3 47. Nc6 Rxg4 0-1

[Event "Oberliga Bayern 1718"]
[Site "Bayern"]
[Date "2018.02.04"]
[Round "6.5"]
[White "Krstic, Petar"]
[Black "Diekers, Michael"]
[Result "1-0"]
[WhiteElo "2323"]
[BlackElo "2184"]
[PlyCount "79"]
[EventDate "2017.10.22"]
[EventType "team-tourn"]
[EventRounds "9"]
[EventCountry "GER"]
[SourceTitle "EXT 2020"]
[Source "ChessBase"]
[SourceDate "2019.10.17"]
[SourceVersion "1"]
[SourceVersionDate "2019.10.17"]
[SourceQuality "1"]
[WhiteTeam "Deggendorf"]
[BlackTeam "Herzogenaurach"]
[WhiteTeamCountry "GER"]
[BlackTeamCountry "GER"]

1. d4 d5 2. Bf4 Nf6 3. Nf3 c5 4. e3 Nc6 5. Nbd2 cxd4 6. exd4 Bg4 7. c3 e6 8. Qb3 Qc8 9. h3 Bh5 10. g4 Bg6 11. Nh4 Be4 12. Nxe4 Nxe4 13. Bd3 Bd6 14. Be3 Nf6 15. f4 Qc7 16. 0-0 0-0-0 17. Qc2 Kb8 18. b4 Rc8 19. Rac1 Qe7 20. Qf2 Nd7 21. a4 f6 22. Nf3 h5 23. g5 fxg5 24. Nxg5 Rcf8 25. Qg2 Nf6 26. Rce1 Nd8 27. Bd2 Qd7 28. a5 Re8 29. a6 b6 30. Qe2 Re7 31. Nf3 Qc8 32. Ne5 Bxe5 33. Qxe5+ Qc7 34. f5 Qxe5 35. dxe5 Ne8 36. Bg5 Rd7 37. Bb5 Rc7 38. Bxd8 Rxc3 39. fxe6 Rxh3 40. e7 1-0

[Event "Oberliga Bayern 1617"]
[Site "Bayern"]
[Date "2016.11.20"]
[Round "2.2"]
[White "Diekers, Michael"]
[Black "Mischustov, Michael"]
[Result "0-1"]
[WhiteElo "2099"]
[BlackElo "2313"]
[PlyCount "68"]
[EventDate "2016.10.16"]
[EventType "team-tourn"]
[EventRounds "9"]
[EventCountry "GER"]
[SourceTitle "EXT 2019"]
[Source "ChessBase"]
[SourceDate "2018.10.10"]
[SourceVersion "1"]
[SourceVersionDate "2018.10.10"]
[SourceQuality "1"]
[WhiteTeam "Herzogenaurach"]
[BlackTeam "Nuernberg NT"]
[WhiteTeamCountry "GER"]
[BlackTeamCountry "GER"]

1. Nf3 Nf6 2. c4 e6 3. Nc3 Bb4 4. Qc2 0-0 5. a3 Bxc3 6. Qxc3 b6 7. e3 Bb7 8. Be2 Ne4 9. Qc2 f5 10. 0-0 d6 11. b4 Nd7 12. Bb2 Qe7 13. Rac1 Ng5 14. Ne1 f4 15. f3 e5 16. exf4 exf4 17. d4 c5 18. bxc5 bxc5 19. d5 Rae8 20. Bd3 Ne5 21. Rf2 Kh8 22. Re2 Ngf7 23. Re4 Qg5 24. Qd2 Ng6 25. Rxe8 Rxe8 26. Be4 Nh4 27. Qf2 Bc8 28. Nd3 Bh3 29. Nxf4 Qxf4 30. gxh3 Ng5 31. Qg3 Nhxf3+ 32. Bxf3 Nxf3+ 33. Kh1 Qxg3 34. hxg3 Re2 0-1

[Event "Landesliga Nord 1516"]
[Site "Bayern"]
[Date "2016.02.21"]
[Round "7.4"]
[White "Wulfmeyer, Johannes"]
[Black "Diekers, Michael"]
[Result "1/2-1/2"]
[WhiteElo "2087"]
[BlackElo "2099"]
[PlyCount "88"]
[EventDate "2015.10.11"]
[EventType "team-tourn"]
[EventRounds "9"]
[EventCountry "GER"]
[SourceTitle "EXT 2018"]
[Source "ChessBase"]
[SourceDate "2017.10.13"]
[SourceVersion "1"]
[SourceVersionDate "2017.10.13"]
[SourceQuality "1"]
[WhiteTeam "Nuernberg NT II"]
[BlackTeam "Herzogenaurach"]
[WhiteTeamCountry "GER"]
[BlackTeamCountry "GER"]

1. c4 Nf6 2. Nc3 c5 3. Nf3 Nc6 4. d4 cxd4 5. Nxd4 Qb6 6. e3 g6 7. Be2 Bg7 8. 0-0 d6 9. b3 0-0 10. Bb2 a6 11. Qd2 Rd8 12. Na4 Qc7 13. Rac1 Ne4 14. Qc2 Nc5 15. Nxc6 Qxc6 16. Bxg7 Kxg7 17. Bf3 Qc7 18. Nc3 Be6 19. Rfd1 Re8 20. Qd2 Rad8 21. Qd4+ f6 22. h4 Bf7 23. Bd5 Ne6 24. Qg4 h5 25. Qg3 Nf8 26. Bf3 Kh7 27. Be4 b6 28. Qf3 Kg7 29. Bd5 Rb8 30. Bxf7 Kxf7 31. g4 hxg4 32. Qxg4 Qd7 33. Qf4 Ne6 34. Qg3 Rh8 35. f3 Rh5 36. Rd5 Rbh8 37. Rxh5 Rxh5 38. Kf2 Ng7 39. Rg1 g5 40. hxg5 Rxg5 41. Qf4 Rxg1 42. Kxg1 Qh3 43. Ne4 Ne6 44. Qg3 Qh5 1/2-1/2

[Event "Landesliga Nord 1516"]
[Site "Bayern"]
[Date "2015.12.13"]
[Round "4.4"]
[White "Diekers, Michael"]
[Black "Basel, Matthias"]
[Result "1/2-1/2"]
[WhiteElo "2099"]
[BlackElo "2006"]
[PlyCount "52"]
[EventDate "2015.10.11"]
[EventType "team-tourn"]
[EventRounds "9"]
[EventCountry "GER"]
[SourceTitle "EXT 2018"]
[Source "ChessBase"]
[SourceDate "2017.10.13"]
[SourceVersion "1"]
[SourceVersionDate "2017.10.13"]
[SourceQuality "1"]
[WhiteTeam "Herzogenaurach"]
[BlackTeam "Kitzingen"]
[WhiteTeamCountry "GER"]
[BlackTeamCountry "GER"]

1. Nf3 Nf6 2. c4 g6 3. Nc3 Bg7 4. e4 d6 5. d4 0-0 6. Be2 e5 7. 0-0 Nc6 8. d5 Ne7 9. b4 Nh5 10. Re1 Nf4 11. Bxf4 exf4 12. Rc1 h6 13. c5 g5 14. Nd4 Ng6 15. a4 Re8 16. a5 Qf6 17. Ndb5 Re7 18. cxd6 cxd6 19. f3 Bd7 20. Na4 Bxb5 21. Bxb5 h5 22. Be2 Qd4+ 23. Qxd4 Bxd4+ 24. Kf1 Ne5 25. Red1 Be3 26. Rc2 Kg7 1/2-1/2

[Event "Landesliga Nord 1516"]
[Site "Bayern"]
[Date "2015.11.15"]
[Round "3.4"]
[White "Oehrlein, Thomas"]
[Black "Diekers, Michael"]
[Result "1-0"]
[WhiteElo "2101"]
[BlackElo "2099"]
[PlyCount "63"]
[EventDate "2015.10.11"]
[EventType "team-tourn"]
[EventRounds "9"]
[EventCountry "GER"]
[SourceTitle "EXT 2018"]
[Source "ChessBase"]
[SourceDate "2017.10.13"]
[SourceVersion "1"]
[SourceVersionDate "2017.10.13"]
[SourceQuality "1"]
[WhiteTeam "Bamberg SC"]
[BlackTeam "Herzogenaurach"]
[WhiteTeamCountry "GER"]
[BlackTeamCountry "GER"]

1. e4 c5 2. Nf3 e6 3. d4 cxd4 4. Nxd4 Nc6 5. Nc3 Qc7 6. Be3 a6 7. Be2 Nf6 8. 0-0 Bb4 9. Bf3 Ne5 10. Bf4 Nxf3+ 11. Qxf3 d6 12. Bg5 Nd7 13. Rad1 Ne5 14. Qg3 Ng6 15. h4 f6 16. Bc1 Kf7 17. h5 Ne7 18. Nce2 Bd7 19. Rd3 Ba5 20. h6 gxh6 21. Rf3 Ng6 22. Bxh6 Rag8 23. Bg5 Ne5 24. Rxf6+ Ke8 25. Qh4 Nf7 26. Nxe6 Qc4 27. N2f4 Qxe4 28. Qh3 Rg6 29. Nxg6 hxg6 30. Ng7+ Kd8 31. Rxf7+ Kc7 32. Qxh8 1-0

[Event "Oberliga Bayern 1415"]
[Site "Germany"]
[Date "2015.02.22"]
[Round "7.5"]
[White "Stankovic, Milos"]
[Black "Diekers, Michael"]
[Result "1-0"]
[WhiteElo "2421"]
[BlackElo "2190"]
[PlyCount "151"]
[EventDate "2014.10.19"]
[EventType "team-tourn"]
[EventRounds "9"]
[EventCountry "GER"]
[SourceTitle "EXT 2016"]
[Source "ChessBase"]
[SourceDate "2015.10.08"]
[SourceVersion "1"]
[SourceVersionDate "2015.10.08"]
[SourceQuality "1"]
[WhiteTeam "Goeggingen"]
[BlackTeam "Puschendorf"]
[WhiteTeamCountry "GER"]
[BlackTeamCountry "GER"]

1. e4 c5 2. Nf3 e6 3. d4 cxd4 4. Nxd4 Nc6 5. Nc3 Qc7 6. g3 a6 7. Bg2 d6 8. 0-0 Bd7 9. Re1 Be7 10. Nxc6 Bxc6 11. Qg4 h5 12. Qe2 h4 13. a4 hxg3 14. hxg3 Kf8 15. a5 Nf6 16. Be3 Rc8 17. Bb6 Qd7 18. Rad1 Qe8 19. Qd2 g6 20. Bd4 e5 21. Be3 Ng4 22. Bb6 Kg7 23. b3 Qg8 24. f3 Nf6 25. Kf2 Qe8 26. Rh1 Qd7 27. Be3 Qc7 28. Bb6 Qd7 29. Qe3 Rce8 30. Qd3 Qc8 31. b4 Rxh1 32. Rxh1 Rh8 33. Rxh8 Qxh8 34. Bc7 Ne8 35. Bb8 Qh6 36. Ne2 Qg5 37. c4 Bd7 38. Ba7 Bf8 39. Be3 Qd8 40. Nc3 Be6 41. Nd5 Qd7 42. Nb6 Qc7 43. Bf1 Nf6 44. b5 Nd7 45. Nxd7 Bxd7 46. Bb6 Qc8 47. Be2 Be7 48. Qb3 Qh8 49. Kg1 Qh3 50. Bf2 Bc8 51. Qc3 Qe6 52. Bf1 Kg8 53. Qe3 Bd8 54. Qa3 Be7 55. Qb4 Kg7 56. b6 Bd7 57. c5 dxc5 58. Bxc5 Bxc5+ 59. Qxc5 Bc6 60. Bc4 Qf6 61. Kg2 Qg5 62. Qd6 Qf6 63. Qc7 Kg8 64. Bd5 Bxd5 65. exd5 Qg5 66. Qc8+ Kg7 67. Qc3 Qe7 68. f4 Qd7 69. Qxe5+ Kg8 70. Kh2 Qa4 71. d6 Qc2+ 72. Kh3 Qc8+ 73. Kh4 Qd8+ 74. Qe7 Qf8 75. Qxf8+ Kxf8 76. Kg5 1-0

[Event "Oberliga Bayern 1415"]
[Site "Germany"]
[Date "2015.02.01"]
[Round "6.5"]
[White "Diekers, Michael"]
[Black "Hahn, Christoph"]
[Result "1-0"]
[WhiteElo "2190"]
[BlackElo "2185"]
[PlyCount "129"]
[EventDate "2014.10.19"]
[EventType "team-tourn"]
[EventRounds "9"]
[EventCountry "GER"]
[SourceTitle "EXT 2016"]
[Source "ChessBase"]
[SourceDate "2015.10.08"]
[SourceVersion "1"]
[SourceVersionDate "2015.10.08"]
[SourceQuality "1"]
[WhiteTeam "Puschendorf"]
[BlackTeam "Kriegshaber"]
[WhiteTeamCountry "GER"]
[BlackTeamCountry "GER"]

1. Nf3 e6 2. c4 b6 3. Nc3 Bb7 4. e4 Bb4 5. Qb3 Na6 6. d3 f5 7. Bg5 Be7 8. Bxe7 Nxe7 9. Be2 Nc5 10. Qc2 fxe4 11. dxe4 a5 12. 0-0 Ng6 13. Nd4 0-0 14. Rad1 Qg5 15. g3 Rad8 16. Kh1 d5 17. f4 Qe7 18. cxd5 exd5 19. exd5 Qf7 20. Bf3 Kh8 21. Kg1 Ne7 22. Ne6 Nf5 23. Nxd8 Rxd8 24. Rfe1 Nd6 25. Bg2 h5 26. Re5 Bc8 27. Qe2 Nf5 28. Re1 Ba6 29. Nb5 Rd7 30. Bf1 g6 31. Re8+ Kh7 32. Qe5 Ng7 33. Re7 Rxe7 34. Qxe7 Qxd5 35. Nxc7 Qd4+ 36. Qe3 Qxe3+ 37. Rxe3 Nf5 38. Re8 Bb7 39. Bg2 Bxg2 40. Kxg2 Nd3 41. Re2 Kg7 42. Nd5 b5 43. Rd2 Nc5 44. Kf3 b4 45. Ne3 Ne7 46. Rc2 Ne6 47. Ke4 Kf7 48. Ke5 Nd8 49. Kd6 Ne6 50. Rc4 Ng7 51. Kc5 Ne8 52. Kb6 Nd6 53. Rc7 Ke6 54. Kxa5 h4 55. gxh4 Ne4 56. Kxb4 Nf2 57. Kb5 Nd3 58. a4 Kd6 59. Rc2 Nxf4 60. a5 Ne6 61. Rd2+ Ke5 62. a6 Nc8 63. Nc4+ Kf4 64. Kc6 Na7+ 65. Kb7 1-0

[Event "Oberliga Bayern 1314"]
[Site "Bayern"]
[Date "2013.11.24"]
[Round "3.4"]
[White "Bintakies, Michael"]
[Black "Diekers, Michael"]
[Result "1-0"]
[WhiteElo "2206"]
[BlackElo "2180"]
[PlyCount "83"]
[EventDate "2013.10.13"]
[EventType "team-tourn"]
[EventRounds "9"]
[EventCountry "GER"]
[SourceTitle "EXT 2015"]
[Source "ChessBase"]
[SourceDate "2014.11.20"]
[SourceVersion "1"]
[SourceVersionDate "2014.11.20"]
[SourceQuality "1"]
[WhiteTeam "Kriegshaber"]
[BlackTeam "Puschendorf"]
[WhiteTeamCountry "GER"]
[BlackTeamCountry "GER"]

1. f4 Nf6 2. Nf3 c5 3. g3 Nc6 4. Bg2 g6 5. 0-0 Bg7 6. d3 0-0 7. Nc3 Rb8 8. a4 a6 9. Nh4 d5 10. f5 Nd4 11. Bf4 Ra8 12. Bg5 Nxf5 13. Nxf5 Bxf5 14. Bxf6 Bxf6 15. Nxd5 Bg7 16. c3 Rb8 17. a5 Qd6 18. Qd2 Bd7 19. Qf4 Qe6 20. Nb6 Bc6 21. Bxc6 Qxc6 22. Qa4 Qe6 23. Nd7 Qxe2 24. Nxb8 Rxb8 25. Rae1 Qxb2 26. Rxe7 Rf8 27. Rexf7 Qxc3 28. Rxf8+ Bxf8 29. Qa2+ c4 30. Qxc4+ Qxc4 31. dxc4 Bb4 32. Rb1 Bxa5 33. Rxb7 Bc3 34. Kf1 Bd4 35. Rb8+ Kf7 36. Ra8 Kf6 37. Rxa6+ Kf5 38. Kg2 Ke4 39. h4 Kd3 40. Rc6 Ke4 41. Kh3 Ke5 42. g4 1-0

[Event "Oberliga Bayern 1213"]
[Site "Bayern"]
[Date "2013.04.14"]
[Round "9.4"]
[White "Diekers, Michael"]
[Black "Lentrodt, Thomas"]
[Result "1-0"]
[WhiteElo "2119"]
[BlackElo "2210"]
[PlyCount "69"]
[EventDate "2012.10.14"]
[EventType "team-tourn"]
[EventRounds "9"]
[EventCountry "GER"]
[SourceTitle "EXT 2015"]
[Source "ChessBase"]
[SourceDate "2014.11.20"]
[SourceVersion "1"]
[SourceVersionDate "2014.11.20"]
[SourceQuality "1"]
[WhiteTeam "Puschendorf"]
[BlackTeam "Bayern Muenchen II"]
[WhiteTeamCountry "GER"]
[BlackTeamCountry "GER"]

1. Nf3 d5 2. d4 Nf6 3. e3 Bf5 4. c4 e6 5. Qb3 Qc8 6. Nc3 c6 7. Nh4 Bg6 8. Nxg6 hxg6 9. g3 Nbd7 10. Bg2 Nb6 11. cxd5 exd5 12. 0-0 Qf5 13. e4 Nxe4 14. Nxe4 dxe4 15. Re1 0-0-0 16. Rxe4 Bd6 17. Bf4 g5 18. Bxd6 Rxd6 19. Rae1 Rhd8 20. Re5 Qg6 21. Be4 Qf6 22. Rf5 Qxd4 23. Rxf7 Rf6 24. Bf5+ Kb8 25. Ree7 Rxf7 26. Qxf7 Qd1+ 27. Kg2 Qd5+ 28. Qxd5 Rxd5 29. g4 g6 30. Bxg6 Rd2 31. Re5 Nd5 32. Rxg5 Rxb2 33. h4 Nf4+ 34. Kf3 Nh3 35. Rf5 1-0

[Event "Landesliga Nord 1112"]
[Site "Bayern"]
[Date "2012.02.26"]
[Round "7.3"]
[White "Diekers, Michael"]
[Black "Fuhrmann, Max"]
[Result "1/2-1/2"]
[WhiteElo "2133"]
[BlackElo "2096"]
[PlyCount "33"]
[EventDate "2011.10.02"]
[EventType "team-tourn"]
[EventRounds "9"]
[EventCountry "GER"]
[SourceTitle "EXT 2015"]
[Source "ChessBase"]
[SourceDate "2014.11.20"]
[SourceVersion "1"]
[SourceVersionDate "2014.11.20"]
[SourceQuality "1"]
[WhiteTeam "Puschendorf"]
[BlackTeam "Kelheim"]
[WhiteTeamCountry "GER"]
[BlackTeamCountry "GER"]

1. Nf3 d5 2. d4 Nf6 3. e3 Bf5 4. c4 c6 5. Nc3 e6 6. Nh4 Bg6 7. Qb3 Qb6 8. Nxg6 hxg6 9. Be2 Nbd7 10. Bd2 Be7 11. h3 g5 12. 0-0-0 Qxb3 13. axb3 0-0-0 14. Bf3 Nb6 15. Be2 Nbd7 16. Bf3 Nb6 17. Be2 1/2-1/2

[Event "Landesliga Nord 1112"]
[Site "Bayern"]
[Date "2011.12.11"]
[Round "4.3"]
[White "Strobel, Walter"]
[Black "Diekers, Michael"]
[Result "1-0"]
[WhiteElo "2104"]
[BlackElo "2133"]
[PlyCount "65"]
[EventDate "2011.10.02"]
[EventType "team-tourn"]
[EventRounds "9"]
[EventCountry "GER"]
[SourceTitle "EXT 2013"]
[Source "ChessBase"]
[SourceDate "2012.11.22"]
[SourceVersion "1"]
[SourceVersionDate "2012.11.22"]
[SourceQuality "1"]
[WhiteTeam "Klingenberg/Main"]
[BlackTeam "Puschendorf"]
[WhiteTeamCountry "GER"]
[BlackTeamCountry "GER"]

1. e4 c5 2. Nf3 e6 3. d4 cxd4 4. Nxd4 Nc6 5. Nc3 Qc7 6. Be3 a6 7. Qd2 Nf6 8. 0-0-0 Bb4 9. f3 0-0 10. g4 b5 11. g5 Ne8 12. h4 Bb7 13. h5 Ne5 14. Bf4 Rc8 15. Kb1 d6 16. g6 Bxc3 17. bxc3 Qxc3 18. gxf7+ Rxf7 19. Bh3 Qxd2 20. Bxd2 Nc7 21. Bb4 Nxf3 22. Nxe6 Bxe4 23. Rxd6 Nd2+ 24. Rxd2 Bxh1 25. Ng5 Rff8 26. Rd7 Nd5 27. Bxf8 Nc3+ 28. Kb2 Na4+ 29. Kc1 Rxf8 30. h6 Nc5 31. Rxg7+ Kh8 32. Rc7 Ne4 33. Rxh7+ 1-0

[Event "Landesliga Nord 1112"]
[Site "Bayern"]
[Date "2011.11.20"]
[Round "3.3"]
[White "Diekers, Michael"]
[Black "Seidens, Udo"]
[Result "1/2-1/2"]
[WhiteElo "2133"]
[BlackElo "2172"]
[PlyCount "61"]
[EventDate "2011.10.02"]
[EventType "team-tourn"]
[EventRounds "9"]
[EventCountry "GER"]
[SourceTitle "EXT 2013"]
[Source "ChessBase"]
[SourceDate "2012.11.22"]
[SourceVersion "1"]
[SourceVersionDate "2012.11.22"]
[SourceQuality "1"]
[WhiteTeam "Puschendorf"]
[BlackTeam "Schweinfurt"]
[WhiteTeamCountry "GER"]
[BlackTeamCountry "GER"]

1. Nf3 d5 2. d4 Nf6 3. e3 Bf5 4. c4 c6 5. Nc3 e6 6. Nh4 Bg6 7. Qb3 Qb6 8. Nxg6 hxg6 9. Bd2 Nbd7 10. Be2 Be7 11. h3 g5 12. 0-0-0 0-0-0 13. Kb1 Qxb3 14. axb3 Rh7 15. Bd3 g6 16. e4 dxc4 17. bxc4 Nh5 18. Bf1 e5 19. d5 Bc5 20. Bxg5 f6 21. Be3 Bxe3 22. fxe3 Ng3 23. Rg1 Nc5 24. Bd3 Rh4 25. Kc2 f5 26. exf5 e4 27. Be2 Nxf5 28. Kd2 Nd3 29. Kc2 Nc5 30. Kd2 Nb3+ 31. Kc2 1/2-1/2

[Event "Landesliga Nord 1112"]
[Site "Bayern"]
[Date "2011.10.02"]
[Round "1.3"]
[White "Reis, Gerhard"]
[Black "Diekers, Michael"]
[Result "1/2-1/2"]
[WhiteElo "2149"]
[BlackElo "2133"]
[PlyCount "79"]
[EventDate "2011.10.02"]
[EventType "team-tourn"]
[EventRounds "9"]
[EventCountry "GER"]
[SourceTitle "EXT 2013"]
[Source "ChessBase"]
[SourceDate "2012.11.22"]
[SourceVersion "1"]
[SourceVersionDate "2012.11.22"]
[SourceQuality "1"]
[WhiteTeam "Nuernberg Sued SW"]
[BlackTeam "Puschendorf"]
[WhiteTeamCountry "GER"]
[BlackTeamCountry "GER"]

1. Nf3 d5 2. d4 Nf6 3. c4 c6 4. Nc3 e6 5. e3 Nbd7 6. Qc2 Bd6 7. g4 Bb4 8. Bd2 Qe7 9. Rg1 Bxc3 10. Bxc3 Ne4 11. Bd3 Nxc3 12. Qxc3 0-0 13. cxd5 exd5 14. Qc2 g6 15. Rc1 Kg7 16. g5 f5 17. gxf6+ Rxf6 18. Rg3 Nf8 19. Ne5 Kh8 20. h4 Bf5 21. h5 Bxd3 22. Qxd3 gxh5 23. Ke2 Ng6 24. Rxg6 hxg6 25. Nxg6+ Rxg6 26. Qxg6 Qh7 27. Qf6+ Qg7 28. Qh4 Qg6 29. Qf4 Rg8 30. Qe5+ Kh7 31. Kd2 Rg7 32. Rh1 Kh6 33. Rh3 Rf7 34. Qh8+ Rh7 35. Qf8+ Rg7 36. Qf4+ Qg5 37. Qd6+ Rg6 38. Qf8+ Rg7 39. Qd6+ Qg6 40. Qf4+ 1/2-1/2